| 000 | 00639nam a22001937a 4500 | ||
|---|---|---|---|
| 999 |
_c162 _d162 |
||
| 003 | AR-CdUCM | ||
| 008 | 190222b ||||| |||| 00| 0 spa d | ||
| 040 |
_aMUNICIPALIDAD PROVINCIAL DEL CUSCO _cBIBLIOTECA MUNICIPAL DEL CUSCO |
||
| 082 |
_a868.6 / _bJ24E |
||
| 100 |
_aJardiel Poncela, Enrique _9761 |
||
| 245 |
_aExceso de equipaje : _bmis viajes a Estados Undidos, monólogos, películas, cuentos / |
||
| 260 |
_aMéxico : _bLatino americana, |
||
| 300 |
_a289 páginas ; _c20 cm. |
||
| 650 |
_aCuentos españoles _9762 |
||
| 650 |
_aSiglo XX _98 |
||
| 650 |
_aHumorismo español _9763 |
||
| 942 |
_2ddc _cLIBROS |
||
| 945 |
_aafb _d2019-02-22 |
||